الحائزون على جائزة نوبل للسلام / (رقم التسجيلة. 125215)

تفاصيل مارك
000 -LEADER
fixed length control field 00686nam a22002177a 4500
005 - DATE AND TIME OF LATEST TRANSACTION
control field 20251108175048.0
008 - FIXED-LENGTH DATA ELEMENTS--GENERAL INFORMATION
fixed length control field 250721s2011 xx 000 0 ara d
082 14 - DEWEY DECIMAL CLASSIFICATION NUMBER
Classification number م/ط/031/موس
100 1# - MAIN ENTRY--PERSONAL NAME
Personal name قبيعة، محمد جمال
Relator term مترجم
245 10 - TITLE STATEMENT
Title الحائزون على جائزة نوبل للسلام /
246 11 - VARYING FORM OF TITLE
Title proper/short title Peace Nobel Laureates
264 1# - PRODUCTION, PUBLICATION, DISTRIBUTION, MANUFACTURE, AND COPYRIGHT NOTICE
Place of production, publication, distribution, manufacture بيروت :
Name of producer, publisher, distributor, manufacturer دار الراتب الجامعية،
Date of production, publication, distribution, manufacture, or copyright notice 2011.
300 ## - PHYSICAL DESCRIPTION
Extent 107ص.
650 17 - SUBJECT ADDED ENTRY--TOPICAL TERM
Topical term or geographic name as entry element الموسوعات
650 17 - SUBJECT ADDED ENTRY--TOPICAL TERM
Topical term or geographic name as entry element الاطفال
650 17 - SUBJECT ADDED ENTRY--TOPICAL TERM
Topical term or geographic name as entry element السلام
653 ## - INDEX TERM--UNCONTROLLED
Uncontrolled term مرحلة ناشؤون صغار (10-14) سنة
653 ## - INDEX TERM--UNCONTROLLED
Uncontrolled term جائزة نوبل
942 ## - ADDED ENTRY ELEMENTS (KOHA)
Source of classification or shelving scheme Dewey Decimal Classification
Koha item type كتب
المقتنيات
حالة السحب حالة الفقدان مصدر التصنيف حالة التلف غير قابل للإعارة المكتبة الرئيسية المكتبة الحالية موقع الرف تاريخ التزويد الرقم المتسلسل Total Checkouts رقم الإستدعاء الباركود تاريخ آخر ظهور تاريخ الفاتورة نوع المادة (كوها)
    Dewey Decimal Classification     المكتبة المركزية المكتبة المركزية الأطفال 28/07/2025 1523654   م/ط/031/موس PLD00249682 28/07/2025 28/07/2025 كتب
    Dewey Decimal Classification   Not For Loan مكتبة أبو علندا العامة مكتبة أبو علندا العامة الأطفال 05/05/2012 1523754   م/ط/031/موس PLD00249932 28/07/2025 05/05/2012 كتب
    Dewey Decimal Classification   Not For Loan مكتبة النصر العامة مكتبة النصر العامة الأطفال 05/05/2012 1524054   م/ط/031/موس PLD00249935 28/07/2025 05/05/2012 كتب
    Dewey Decimal Classification   Not For Loan مكتبة صويلح العامة مكتبة صويلح العامة الأطفال 05/05/2012 1523954   م/ط/031/موس PLD00249934 28/07/2025 05/05/2012 كتب
Implemented & Customized by: BBB with SCIT (Smart Chains for Information Technology)

Powered by Koha